| 000 | 00660nam a2200169Ia 4500 | ||
|---|---|---|---|
| 008 | 100917s9999 xx 000 0 und d | ||
| 082 | _b32130 | ||
| 100 | _aचव्हाण वत्सलाबाई आर. | ||
| 245 | _aश्री उपासनी प्रसाद भा. 7 वा. | ||
| 260 |
_bवत्सलाबाइंर् चव्हाण _c1937 |
||
| 365 | _b0.12 | ||
| 520 | _aअध्यात्म | ||
| 630 | _aश्री उपासनी प्रसाद भा. 7 वा. | ||
| 650 | _aअध्यात्म | ||
| 730 | _aश्री उपासनी प्रसाद भा. 7 वा. | ||
| 942 | _cBOOK | ||
| 999 |
_c637524 _d637521 |
||